La galería de la memoria: Una experiencia de trabajo en Colombia con víctimas de la violencia sociopolítica en medio del conflicto armado y la polarización social /

Wedi'i Gadw mewn:
Manylion Llyfryddiaeth
Prif Awdur: Girón, Claudio
Fformat: Texto
Iaith:Spanish
Cyhoeddwyd: San José: Editorial UCR
Tagiau: Ychwanegu Tag
Dim Tagiau, Byddwch y cyntaf i dagio'r cofnod hwn!

MARC

LEADER 00000 a a2200000 04500
001 36112
003 cru CIDCACS/IIS
005 20200925160214.0
008 170512b xxu||||| |||| 00| 0 spa d
020 |a 978-9968-46-034-7  
040 |c CRAI/IIS  |a CRAI/IIS 
090 |a PS05.01.01 D633p  
100 1 |a Girón, Claudio  |9 4710 
245 |a La galería de la memoria:  |b Una experiencia de trabajo en Colombia con víctimas de la violencia sociopolítica en medio del conflicto armado y la polarización social /   |c Claudio Girón 
260 |a San José:   |b Editorial UCR  
300 |a Páginas 113-127 
942 |2 ddc  |c LI 
773 0 |0 166  |9 816  |a Dobles Oropeza, Ignacio   |d San José: Editorial UCR   |o 03436  |t Psicología de la liberación en le contexto de la globalización neoliberal:  |w (cru CIDCACS/IIS)35869  |x 978-9968-46-034-7   |z 978-9968-46-034-7  
999 |c 4416  |d 4416